Statistics for Capital of South Korean Provinces

Click here to take the quiz!

General Stats

  • This quiz has been taken 57 times
  • The average score is 9 of 15

Answer Stats

ProvinceCapital% Correct
Metropolitan CityBusan
94%
Metropolitan CityDaegu
86%
Metropolitan CityIncheon
86%
JejuJeju City
83%
Metropolitan CityGwangju
81%
Metropolitan CityUlsan
75%
Metropolitan CityDaejeon
72%
GyeonggiSuwon
61%
North JeollaJeonju
56%
South GyeongsangChangwon
50%
North ChungcheongCheongju
50%
GangwonChuncheon
47%
North GyeongsangAndong
39%
South ChungcheongHongseong
33%
South JeollaMuan
33%

Score Distribution

Percentile by Number Answered

Percent of People with Each Score

Your Score History

You have not taken this quiz